000 00671cam a2200241 4500500
005 20260329004935.0
041 _afre
042 _adc
100 1 0 _aLacroix, Alexandre
_eauthor
245 0 0 _aUn virus, trois stratégies
260 _c2021.
500 _a42
690 _aCovid
690 _aCovid-19
690 _aEmmanuel Macron
690 _aÉtat
690 _aLibéralisme
690 _aSanté
690 _aStratégies
690 _aVaccinations
786 0 _nPhilosophie magazine | 153 | 10 | 2021-10-01 | p. 14-14 | 1951-1787
856 4 1 _uhttps://shs.cairn.info/magazine-philosophie-magazine-2021-10-page-14?lang=fr&redirect-ssocas=7080
999 _c1838754
_d1838754